000 00555nam a22001937a 4500
005 20241009110315.0
010 _aENG-141985
020 _c640.00
_a9788194433811
035 _aEN-125517
037 _bDBAD
082 _a005.8
100 _aBadve,sourabh
_972492
245 _aTHE HACK 2.0/
_cSourabh badve
250 _aFirst
260 _aDelhi/NCR
_bOrangebooks publication
_c2019
270 _aVishwavidyalaya Marg, Civil Lines
_bDelhi/NCR
_e110054
300 _a204 P.
_c29cm(Paper bag)
942 _2ddc
_cEN
_h005.8
_mBAD
999 _c206186
_d206186